| 000 | 00606 a2200205 4500 | ||
|---|---|---|---|
| 001 | 54630 | ||
| 005 | 20260407155821.0 | ||
| 008 | 260407a1958 arg spa d | ||
| 003 | AR-UNSa-BCEJYS | ||
| 040 |
_aAR-UNSa-BCEJYS _bspa _cAR-UNSa-BCEJYS |
||
| 080 |
_a347.91 _xProcedimientos civiles particulares (Derecho Procesal Civil) |
||
| 245 | 1 | 0 | _aFundamentos del derecho procesal civil |
| 250 | _a3a. ed. | ||
| 264 | 1 |
_aBuenos Aires : _bEdiciones Depalma _c1958 |
|
| 300 |
_a524 p. _c23 cm. |
||
| 041 | _aspa | ||
| 942 | _cBK | ||
| 590 | _aniveau_biblio:m niveau_hierar:0 | ||
| 100 | 1 | _aCouture, Eduardo J. | |
| 999 |
_c5704 _d5704 |
||